Occupational hazards (Record no. 71496)

MARC details
000 -LEADER
fixed length control field 01214cam a2200229 4500
001 - CONTROL NUMBER
control field ABS66075
008 - FIXED-LENGTH DATA ELEMENTS--GENERAL INFORMATION
fixed length control field 021101n2002 000 0 eng u
035 ## - SYSTEM CONTROL NUMBER
System control number (Sirsi) u120336
100 ## - MAIN ENTRY--PERSONAL NAME
Personal name Allen, T
245 ## - TITLE STATEMENT
Title Occupational hazards
260 ## - PUBLICATION, DISTRIBUTION, ETC.
Date of publication, distribution, etc. 2002
490 ## - SERIES STATEMENT
Series statement Estates Gazette
Volume/sequential designation (0240) 5 October 2002, 167(1)
520 ## - SUMMARY, ETC.
Summary, etc. Highlights the pitfalls for tenants wishing to underlet their premises. Since the 1990s, landlords have insisted on greater preconditions on subletting such as restrictions on rent levels. Various options are open to tenants that include: applying for consent to a proposed underletting that breaches the rental requirements; applying for consent to underletting in line with the lease, but with a side arrangement ensuring that the undertenant would pay a market rent; underletting without the landlord's consent. Highlights the pros and cons of each approach but concludes that none is entirely satisfactory.
650 ## - SUBJECT ADDED ENTRY--TOPICAL TERM
Topical term or geographic name entry element HOMEBASE LTD AND ANOTHER V ALLIED DUNBAR ASSURANCE PLC
650 ## - SUBJECT ADDED ENTRY--TOPICAL TERM
Topical term or geographic name entry element RENT
650 ## - SUBJECT ADDED ENTRY--TOPICAL TERM
Topical term or geographic name entry element SUBLETTING
650 ## - SUBJECT ADDED ENTRY--TOPICAL TERM
Topical term or geographic name entry element UNDERLETTING
650 ## - SUBJECT ADDED ENTRY--TOPICAL TERM
Topical term or geographic name entry element TENANTS
650 ## - SUBJECT ADDED ENTRY--TOPICAL TERM
Topical term or geographic name entry element SIDE AGREEMENTS
690 ## - LOCAL SUBJECT ADDED ENTRY--TOPICAL TERM (OCLC, RLIN)
Topical term or geographic name as entry element LANDLORD AND TENANT-BUSINESS TENANCIES
942 ## - ADDED ENTRY ELEMENTS (KOHA)
Suppress in OPAC 0
Holdings
Withdrawn status Lost status Source of classification or shelving scheme Damaged status Not for loan Home library Current library Shelving location Date acquired Total Checkouts Full call number Barcode Date last seen Copy number Price effective from Koha item type
    Dewey Decimal Classification     London London Journal article 01/11/2002   ABS66075 120336-1001 06/08/2019 1 06/08/2019 Journal article